Jiskra /
Beletristické svědectví švédské spisovatelky o boji s duševní chorobou.
Uloženo v:
| Hlavní autor: | |
|---|---|
| Další autoři: | |
| Médium: | E-kniha |
| Jazyk: | Czech |
| Vydáno: |
Praha :
NLN,
2023
|
| Vydání: | Vydání první |
| Témata: | |
| Tagy: |
Žádné tagy |
| LEADER | 03042nam a2200565 i 4500 | ||
|---|---|---|---|
| 001 | 312485 | ||
| 003 | CZ PrSKC | ||
| 005 | 20260601215723.0 | ||
| 007 | ta | ||
| 008 | 231207s2023 xr g 000 facze | ||
| 015 | |a cnb003577428 | ||
| 020 | |a 9788074229428 |q (brožováno) | ||
| 035 | |a (OCoLC)1425860733 | ||
| 040 | |a ABG001 |b cze |e rda | ||
| 041 | 1 | |a cze |h swe | |
| 045 | |a x-y- | ||
| 072 | 7 | |a 821.11 |x Germánské literatury |2 Konspekt | |
| 072 | 7 | |a 929 |x Biografie |2 Konspekt | |
| 080 | |a 821.113.6-32 |2 MRF | ||
| 080 | |a 821.113.6-055.2 |2 MRF | ||
| 080 | |a 616.89-008 |2 MRF | ||
| 080 | |a 929 |2 MRF | ||
| 080 | |a (0:82-322.6) |2 MRF | ||
| 100 | 1 | |a Boström Knausgård, Linda, |d 1972- |7 xx0311336 |4 aut | |
| 240 | 1 | 0 | |a Oktoberbarn. |l Česky |
| 245 | 1 | 0 | |a Jiskra / |c Linda Boström Knausgård ; přeložila Romana Švachová |
| 250 | |a Vydání první | ||
| 264 | 1 | |a Praha : |b NLN, |c 2023 | |
| 300 | |a 143 stran ; |c 20 cm | ||
| 336 | |a text |b txt |2 rdacontent | ||
| 337 | |a bez média |b n |2 rdamedia | ||
| 338 | |a svazek |b nc |2 rdacarrier | ||
| 500 | |a Přeloženo ze švédštiny | ||
| 520 | 2 | |a Beletristické svědectví švédské spisovatelky o boji s duševní chorobou. |b V autobiograficky laděné novele popisuje oceňovaná švédská spisovatelka Linda Boström Knausgård léčbu elektrickými šoky, kterou podstupovala kvůli psychické nemoci. V drásavém, znepokojivém vyprávění se protagonistka vypořádává nejen s drastickými léčebnými metodami, ale i s rozpadem manželství, s pochybami o své mateřské roli as možností, že už nikdy nebude moct psát, pokud vlivem elektrošoků přijde o klíčové vzpomínky. Místy strohý, místy poetický text je tak nejen vypravěččiným pokusem vyrovnat se s okolnostmi, které ji dovedly až na uzavřené psychiatrické oddělení, ale i snahou vydolovat z vrstev paměti vše, na co by neměla zapomenout. Jak okamžiky úlevného štěstí, tak záznamy o vlastních selháních. Nakladatelská anotace. | |
| 600 | 1 | 7 | |a Boström Knausgård, Linda, |d 1972- |7 xx0311336 |2 czenas |
| 648 | 7 | |a 20.-21. století |7 ch462155 |2 czenas | |
| 650 | 0 | 7 | |a švédské spisovatelky |7 ph127891 |y 20.-21. století |2 czenas |
| 650 | 0 | 7 | |a duševní poruchy |7 ph119647 |2 czenas |
| 650 | 0 | 9 | |a Swedish women authors |y 20th-21st centuries |2 eczenas |
| 650 | 0 | 9 | |a mental disorders |2 eczenas |
| 655 | 7 | |a švédské novely |7 fd133921 |2 czenas | |
| 655 | 7 | |a autobiografické novely |7 fd131848 |2 czenas | |
| 655 | 9 | |a Swedish novellas |2 eczenas | |
| 655 | 9 | |a autobiographical novellas |2 eczenas | |
| 700 | 1 | |a Švachová, Romana, |d 1992- |7 ola2017968326 |4 trl | |
| 900 | |a ABA001 |b 20 | ||
| 044 | |a xr | ||
| 910 | |a RBIT002 | ||
| 998 | |d 410123 |a https://core.palmknihy.cz/api/books/410123/cover?siks7q |b https://core.palmknihy.cz/api/books/410123/cover/400?siks7q |c https://core.palmknihy.cz/api/books/410123/cover/50?siks7q |e 2029-09-12 |g 148 |i 9788074229428 |j https://core.palmknihy.cz/api/books/410123/preview.epub |l |q 49 |r 1 |s https://www.palmknihy.cz/kniha/410123 |t ebook |y 2023 |z 0 | ||
| 999 | |d 312483 | ||